LEADER 04164nam 22006135 450 001 9910453950803321 005 20210422215747.0 010 $a0-520-95722-9 024 7 $a10.1525/9780520957220 035 $a(CKB)2550000001161520 035 $a(EBL)1543757 035 $a(OCoLC)863034434 035 $a(SSID)ssj0001040665 035 $a(PQKBManifestationID)12399684 035 $a(PQKBTitleCode)TC0001040665 035 $a(PQKBWorkID)11008584 035 $a(PQKB)11062045 035 $a(DE-B1597)519655 035 $a(OCoLC)1058451693 035 $a(DE-B1597)9780520957220 035 $a(MiAaPQ)EBC1543757 035 $a(EXLCZ)992550000001161520 100 $a20200424h20132013 fg 0 101 0 $aeng 135 $aur|nu---|u||u 181 $ctxt 182 $cc 183 $acr 200 00$aGlobal Muslims in the Age of Steam and Print /$fJames L. Gelvin, Nile Green 210 1$aBerkeley, CA :$cUniversity of California Press,$d[2013] 210 4$d©2013 215 $a1 online resource (312 p.) 300 $aDescription based upon print version of record. 311 $a0-520-27501-2 311 $a1-306-13363-7 327 $tFront matter --$tCONTENTS --$tList of Illustrations --$tAcknowledgments --$tIntroduction: Global Muslims in the Age of Steam and Print --$t1. A Sufi Century? The Modern Spread of the Sufi Orders in Southeast Asia --$t2. An Ottoman Pasha and the End of Empire: Sulayman al-Baruni and the Networks of Islamic Reform --$t3. "A Leading Muslim of Aden": Personal Trajectories, Imperial Networks, and the Construction of Community in Colonial Aden --$t4. Fin-de-Siècle Egypt: A Nexus for Mediterranean and Global Radical Networks --$t5. Hajj in the Time of Cholera: Pilgrim Ships and Contagion from Southeast Asia to the Red Sea --$t6. Trafficking in Evil? The Global Arms Trade and the Politics of Disorder --$t7. The Creation of Iranian Music in the Age of Steam and Print, circa 1880-1914 --$t8. The Globalization of Dried Fruit: Transformations in the Eastern Arabian Economy, 1860s-1920s --$t9. Remembering Java's Islamization: A View from Sri Lanka --$t10. From Zanzibar to Beirut: Sayyida Salme bint Said and the Tensions of Cosmopolitanism --$t11. The Return of Gog: Politics and Pan-Islamism in the Hajj Travelogue of ?Abd al-Majid Daryabadi --$t12. Taking ?Abduh to China: Chinese-Egyptian Intellectual Contact in the Early Twentieth Century --$tList of Contributors --$tIndex 330 $aThe second half of the nineteenth century marks a watershed in human history. Railroads linked remote hinterlands with cities; overland and undersea cables connected distant continents. New and accessible print technologies made the wide dissemination of ideas possible; oceangoing steamers carried goods to faraway markets and enabled the greatest long-distance migrations in recorded history. In this volume, leading scholars of the Islamic world recount the enduring consequences these technological, economic, social, and cultural revolutions had on Muslim communities from North Africa to South Asia, the Indian Ocean, and China. Drawing on a multiplicity of approaches and genres, from commodity history to biography to social network theory, the essays in Global Muslims in the Age of Steam and Print offer new and diverse perspectives on a transnational community in an era of global transformation.   606 $aTechnology -- Islamic countries -- History -- 19th century 606 $aIslamic civilization$xHistory$y19th century$zIslamic countries 606 $aTechnology$y19th century 608 $aElectronic books. 615 4$aTechnology -- Islamic countries -- History -- 19th century. 615 0$aIslamic civilization$xHistory 615 0$aTechnology 676 $a909.09767081 676 $a909/.09767081 702 $aGelvin$b James L.$4edt$4http://id.loc.gov/vocabulary/relators/edt 702 $aGreen$b Nile$4edt$4http://id.loc.gov/vocabulary/relators/edt 801 0$bDE-B1597 801 1$bDE-B1597 906 $aBOOK 912 $a9910453950803321 996 $aGlobal Muslims in the Age of Steam and Print$92452849 997 $aUNINA LEADER 01731oam 2200469M 450 001 9910716476703321 005 20200213070935.5 035 $a(CKB)5470000002521376 035 $a(OCoLC)1065616211 035 $a(OCoLC)995470000002521376 035 $a(EXLCZ)995470000002521376 100 $a20071213d1927 ua 0 101 0 $aeng 135 $aurcn||||||||| 181 $ctxt$2rdacontent 182 $cc$2rdamedia 183 $acr$2rdacarrier 200 10$aProviding penalties for escaping from federal penal and correctional institutions. January 31, 1927. -- Referred to the House Calendar and ordered to be printed 210 1$a[Washington, D.C.] :$c[U.S. Government Printing Office],$d1927. 215 $a1 online resource (2 pages) $ctables 225 1 $aHouse report / 69th Congress, 2nd session. House ;$vno. 1905 225 1 $a[United States congressional serial set] ;$v[serial no. 8689] 300 $aBatch processed record: Metadata reviewed, not verified. Some fields updated by batch processes. 300 $aFDLP item number not assigned. 606 $aEscapes 606 $aPrisons 606 $aPunishment 606 $aPrisoners 608 $aLegislative materials.$2lcgft 615 0$aEscapes. 615 0$aPrisons. 615 0$aPunishment. 615 0$aPrisoners. 701 $aGraham$b George Scott$f1850-1931$pRepublican (PA)$01386798 801 0$bWYU 801 1$bWYU 801 2$bOCLCO 801 2$bOCLCQ 906 $aBOOK 912 $a9910716476703321 996 $aProviding penalties for escaping from federal penal and correctional institutions. January 31, 1927. -- Referred to the House Calendar and ordered to be printed$93457966 997 $aUNINA LEADER 05291nam 22006494a 450 001 9910784231703321 005 20230617004749.0 010 $a1-280-19832-X 010 $a9786610198320 010 $a0-470-79836-X 010 $a0-470-75525-3 010 $a1-4051-4607-9 035 $a(CKB)1000000000342064 035 $a(EBL)233081 035 $a(OCoLC)437147401 035 $a(SSID)ssj0000160075 035 $a(PQKBManifestationID)11183349 035 $a(PQKBTitleCode)TC0000160075 035 $a(PQKBWorkID)10182549 035 $a(PQKB)10709460 035 $a(MiAaPQ)EBC233081 035 $a(Au-PeEL)EBL233081 035 $a(CaPaEBR)ebr10243497 035 $a(CaONFJC)MIL19832 035 $a(EXLCZ)991000000000342064 100 $a20030602d2003 uy 0 101 0 $aeng 135 $aur|n|---||||| 181 $ctxt 182 $cc 183 $acr 200 10$aFungal infection$b[electronic resource] $ediagnosis and management /$fMalcolm D. Richardson, David W. Warnock 205 $a3rd ed. 210 $aMalden, Mass. $cBlackwell$d2003 215 $a1 online resource (394 p.) 300 $aDescription based upon print version of record. 311 $a1-4051-1578-5 320 $aIncludes bibliographical references and index. 327 $a""Fungal Infection: Diagnosis and Management""; ""Contents""; ""Preface to the third edition""; ""Preface to the first edition""; ""Acknowledgements""; ""1 Introduction""; ""1.1 The nature of fungi""; ""1.2 Classification and nomenclature of fungi and fungal diseases""; ""1.3 Fungi as human pathogens""; ""1.3.1 The superficial mycoses""; ""1.3.2 The subcutaneous mycoses""; ""1.3.3 The systemic mycoses""; ""1.4 The changing pattern of fungal infection""; ""1.5 New directions in diagnosis""; ""1.6 New directions in treatment and prevention""; ""2 Laboratory diagnosis of fungal infection"" 327 $a""2.1 Introduction""""2.2 Collection of specimens""; ""2.2.1 Skin, nails and hair""; ""2.2.2 Mucous membranes""; ""2.2.3 Ear""; ""2.2.4 Eye""; ""2.2.5 Blood""; ""2.2.6 Cerebrospinal fluid""; ""2.2.7 Urine""; ""2.2.8 Other fluids""; ""2.2.9 Lower respiratory tract specimens""; ""2.2.10 Pus""; ""2.2.11 Bone marrow""; ""2.2.12 Tissue""; ""2.3 Specimens for serological tests""; ""2.4 Specimens for antifungal drug level determinations""; ""2.5 Transport of specimens""; ""2.6 Interpretation of laboratory test result""; ""2.6.1 Direct microscopic examination"" 327 $a""2.6.2 Histopathological examination""""2.6.3 Culture""; ""2.6.4 Serological tests""; ""2.7 Molecular diagnosis of fungal infection""; ""3 Antifungal drugs""; ""3.1 Introduction""; ""3.2 Amphotericin B""; ""3.2.1 Mechanism of action""; ""3.2.2 Spectrum of action""; ""3.2.3 Acquired resistance""; ""3.2.4 Pharmacokinetics""; ""3.2.5 Pharmaceutics""; ""3.2.6 Therapeutic use""; ""3.2.7 Mode of administration""; ""3.2.8 Adverse reactions,""; ""3.2.9 Drug interactions""; ""3.3 Other polyene compounds for topical administration""; ""3.3.1 Natamycin""; ""3.3.2 Nystatin""; ""3.4 Fluconazole"" 327 $a""3.4.1 Mechanism of action""""3.4.2 Spectrum of action""; ""3.4.3 Acquired resistance""; ""3.4.4 Pharmacokinetics""; ""3.4.5 Pharmaceutics""; ""3.4.6 Therapeutic use""; ""3.4.7 Mode of administration""; ""3.4.8 Adverse reactions""; ""3.4.9 Drug interactions""; ""3.5 Itraconazole""; ""3.5.1 Mechanism of action""; ""3.5.2 Spectrum of action""; ""3.5.3 Acquired resistance""; ""3.5.4 Pharmacokinetics""; ""3.5.5 Pharmaceutics""; ""3.5.6 Therapeutic use""; ""3.5.7 Mode of administration""; ""3.5.8 Adverse reactions""; ""3.5.9 Drug interactions""; ""3.6 Ketoconazole""; ""3.6.1 Mechanism of action"" 327 $a""3.6.2 Spectrum of action""""3.6.3 Acquired resistance""; ""3.6.4 Pharmacokinetics""; ""3.6.5 Pharmaceutics""; ""3.6.6 Therapeutic use""; ""3.6.7 Mode of administration""; ""3.6.8 Adverse reactions""; ""3.6.9 Drug interactions""; ""3.7 Voriconazole""; ""3.7.1 Mechanism of action""; ""3.7.2 Spectrum of action""; ""3.7.3 Acquired resistance""; ""3.7.4 Pharmacokinetics""; ""3.7.5 Pharmaceutics""; ""3.7.6 Therapeutic use""; ""3.7.7 Mode of administration""; ""3.7.8 Adverse reactions""; ""3.7.9 Drug interactions""; ""3.8 Other imidazole compounds for topical administration""; ""3.8.1 Bifonazole"" 327 $a""3.8.2 Butoconazole"" 330 $aConcise, up-to-date guide to the clinical manifestations, laboratory diagnosis and management of superficial, subcutaneous and systemic fungal infections ""I would recommend this book to all microbiologists and clinicians regularly dealing with patients suffering from fungal infections."" Journal of Medical Microbiology WHY BUY THIS BOOK? Thorough update of significant developments in the diagnosis and management of fungal infections Up-to-date drug and dosage recommendations updated in line with current guidelines New feature: epidemiology and prevention section in each chapter plu 606 $aMycoses 615 0$aMycoses. 676 $a616.9/69 700 $aRichardson$b M. D$0860654 701 $aWarnock$b D. W$0864389 801 0$bMiAaPQ 801 1$bMiAaPQ 801 2$bMiAaPQ 906 $aBOOK 912 $a9910784231703321 996 $aFungal infection$91929353 997 $aUNINA